Meninos em guerra (Record no. 188421)

MARC details
000 -LÍDER
campo de controle de tamanho fixo 00368 a2200169 4500
001 - NÚMERO DE CONTROLE
campo de controle 188421
020 ## - ISBN - INTERNATIONAL STANDARD BOOK NUMBER
ISBN - International Standard Book Number 978-85-08-10525-0
040 ## - FONTE DA CATALOGAÇÃO
Instituição que transcreveu o registro Magnum
100 ## - ENTRADA PRINCIPAL--NOME PESSOAL
Nome pessoal Piasecki, Jerry
240 10 - TÍTULO UNIFORME
Título uniforme Meninos em guerra
Idioma da obra por
245 10 - TÍTULO
Título Meninos em guerra
300 ## - DESCRIÇÃO FÍSICA
Extensão 168
362 0# - DATAS DE PUBLICAÇÃO E/OU DESIGNAÇÃO SEQUENCIAL
Datas de publicação e/ou designação sequencial 2009
440 #1 - DECLARAÇÃO DE SÉRIE/ENTRADA ADICIONADA--TÍTULO
Título Ática
697 ## - ENTRADA DE ASSUNTO LOCAL--ENTIDADE COLETIVA (RLIN)
Nome corporativo ou nome da jurisdição LITERATURA JUVENIL ESTRANGEIRA
942 ## - ELEMENTOS DE ENTRADA ADICIONADOS (KOHA)
Tipo de material Koha Livros
Holdings
Situação do descarte Situação das perdas Situação física Não pode ser emprestado Biblioteca de origem Biblioteca atual Data de aquisição Total de empréstimos Número de chamada completo Código de barras Data de último acesso Data do preço efetivo Tipo de material Koha Fonte da classificação ou esquema de arquivamento na estante Número do exemplar
        Magnum Magnum 08/06/2024   890.3.139 MAG00061331 08/06/2024 08/06/2024 Livros    
        Portinari - Salvador Portinari - Salvador 05/08/2024   028.5 P581m 11872/CCP 05/08/2024 05/08/2024 Livros   Ex. 1